000 00369pam a2200157a 44500
008 230515b1996 xxu||||| |||| 00| 0 eng d
020 _aNULL
041 _aENGLISH
082 _a610.73
100 _aSCOTT GIBBS
245 _aMOSBYS MEDICAL SURFARI A GUIDE TO EXPLORING THE INTERNET
250 _a0
260 _a
_bMOSBEY
_c1996
300 _a320
650 _aNULL
999 _c527038
_d527038